000
00312 a2200133 4500
005
20260317170216.0
020
_a
9781913622084
100
_a
HOWARD,K
245
_a
Symbiosis The Curricullum and Classroom
260
_a
Woodbridge
_b
JOHN CATT
_c
2020
300
_a
176p
_c
21cm
700
_a
HILL,C
942
_2
ddc
_c
BKS
999
_c
6862
_d
6862